| 000 | 00847 a2200193 4500 | ||
|---|---|---|---|
| 003 | Nust | ||
| 005 | 20170207164553.0 | ||
| 035 | _a(EBZ)ebs899314e | ||
| 035 | _a(EBZ)ebs899314e | ||
| 035 | _a(EBZ)ebs899314e | ||
| 040 | _cNust | ||
| 245 | 1 | 0 |
_aAdvanced Technologies (E BOOK) _h[Elektronisk resurs] |
| 260 |
_bInTech _c2009 |
||
| 500 | _aE Book | ||
| 655 | 4 | _aElectronic books | |
| 856 | 4 | 0 | _uhttp://proxy.lib.ltu.se/login?url=http://www.intechopen.com/books/advanced-technologies |
| 856 | 4 | 0 | _uhttp://sfxeu11.hosted.exlibrisgroup.com/sfxmiu/?url_ver=Z39.88-2004&ctx_ver=Z39.88-2004&ctx_enc=info:ofi/enc:UTF-8&rfr_id=info:sid/sfxit.com:opac_856&url_ctx_fmt=info:ofi/fmt:kev:mtx:ctx&sfx.ignore_date_threshold=1&rft.object_id=3230000000075374&svc_val_fmt=info:ofi/fmt:kev:mtx:sch_svc& |
| 856 | 4 | 0 | _uhttp://www.intechopen.com/books/advanced-technologies |
| 942 |
_2ddc _cBK |
||
| 999 |
_c209364 _d209364 |
||